Xác định các nguyên nhân vi khuẩn gây viêm đường sinh dục trên heo nái sau khi sinh và thử nghiệm điều trị tại một số trại chăn nuôi heo thuộc tỉnh An Giang : Chuyên ngành Thú y
Đề tài xác định tình hình nhiễm sán lá gan trên bò tại tỉnh Đồng Tháp, xác định thành phần loài sán lá gan ký sinh trên bò. Khảo sát những biến đổi tích trên gan bò bị nhiễm sán,...
Đã lưu trong:
| Hovedforfatter: | |
|---|---|
| Format: | Bog |
| Sprog: | Undetermined |
| Udgivet: |
Cần Thơ
Trường Đại học Cần Thơ
2009
|
| Fag: | |
| Tags: |
Tilføj Tag
Ingen Tags, Vær først til at tagge denne postø!
|
| Thư viện lưu trữ: | Trung tâm Học liệu Trường Đại học Cần Thơ |
|---|
| LEADER | 01273nam a2200229Ia 4500 | ||
|---|---|---|---|
| 001 | CTU_154459 | ||
| 008 | 210402s9999 xx 000 0 und d | ||
| 082 | |a 636.4089692 | ||
| 082 | |b Y254 | ||
| 088 | |a 60640101 | ||
| 100 | |a Lê, Thị Hải Yến | ||
| 245 | 0 | |a Xác định các nguyên nhân vi khuẩn gây viêm đường sinh dục trên heo nái sau khi sinh và thử nghiệm điều trị tại một số trại chăn nuôi heo thuộc tỉnh An Giang : | |
| 245 | 0 | |b Chuyên ngành Thú y | |
| 245 | 0 | |c Lê Thị Hải Yến; Hà Thanh Toàn, Lý Thị Liên Khai (Hướng dẫn khoa học) | |
| 260 | |a Cần Thơ | ||
| 260 | |b Trường Đại học Cần Thơ | ||
| 260 | |c 2009 | ||
| 520 | |a Đề tài xác định tình hình nhiễm sán lá gan trên bò tại tỉnh Đồng Tháp, xác định thành phần loài sán lá gan ký sinh trên bò. Khảo sát những biến đổi tích trên gan bò bị nhiễm sán,... | ||
| 650 | |a Parasitic diseases,Swine,Bệnh do vật ký sinh,Heo (Lợn) | ||
| 650 | |x Veterinary,Parasites,Thú y,Vật ký sinh | ||
| 904 | |i Năm | ||
| 980 | |a Trung tâm Học liệu Trường Đại học Cần Thơ | ||